[Event "AUTO-MASTER-2275"]
[Site "http://www.queenalice.com/game.php?id=1351017"]
[Date "2015.3.31"]
[Round "1"]
[White "tiranossaurogalo"]
[Black "dadge"]
[Result "0-1"]
[WhiteElo "2189"]
[BlackElo "2010"]

1. d4 Nf6 2. c4 e6 3. Nc3 d5 4. Bg5 Bb4 5. e3 h6 6. Bh4 g5 7. Bg3 Ne4 8. Qc2 Nc6
9. Ne2 f5 10. O-O-O Nxc3 11. Nxc3 Bxc3 12. Qxc3 Qe7 13. Be2 O-O 14. f4 g4 15. h3
Qg7 16. hxg4 a5 17. Qe1 Nb4 0-1

[Event "AUTO-MASTER-2275"]
[Site "http://www.queenalice.com/game.php?id=1351032"]
[Date "2015.3.31"]
[Round "1"]
[White "toomchess"]
[Black "tiranossaurogalo"]
[Result "0-1"]
[WhiteElo "2256"]
[BlackElo "2174"]

1. Nf3 Nf6 2. b3 g6 3. Bb2 Bg7 4. e4 d6 5. Bc4 O-O 6. Qe2 e6 7. e5 Nfd7 8. d4
Nb6 9. Bd3 Nc6 10. h4 Nd5 11. Nbd2 Nf4 12. Qe4 Bh6 13. O-O-O d5 14. Qe1 Nxd3+
15. cxd3 Nb4 16. Kb1 Nxd3 17. Qe2 Nxb2 18. Kxb2 Qe7 19. g4 c5 20. g5 Bg7 21. Nf1
Bd7 22. Ng3 cxd4 23. h5 Rfc8 24. Rh4 Rc3 25. Rhxd4 Rac8 26. R4d2 Bf8 27. Kb1 Qc5
28. Qf1 Rxf3 29. hxg6 hxg6 30. Qh1 Rxf2 31. Ne2 Qe3 32. Qh4 Rxe2 33. Rh1 Rc1+
34. Rxc1 Qxd2 0-1

[Event "AUTO-MASTER-2275"]
[Site "http://www.queenalice.com/game.php?id=1351033"]
[Date "2015.3.31"]
[Round "1"]
[White "tiranossaurogalo"]
[Black "toomchess"]
[Result "1-0"]
[WhiteElo "2188"]
[BlackElo "2223"]

1. e4 e5 2. Nf3 Nc6 3. Bc4 Bc5 4. d3 Nf6 5. c3 O-O 6. b4 Bb6 7. O-O d6 8. a4 a5
9. b5 Ne7 10. Nbd2 c6 11. Qc2 h6 12. h3 Be6 13. Bxe6 fxe6 14. Qb3 Kf7 15. Nc4
Bc7 16. b6 Bb8 17. Rb1 Ng6 18. Be3 d5 19. Ncd2 Nf4 20. Bxf4 exf4 21. c4 Kg8 22.
cxd5 exd5 23. Rfe1 Kh7 24. e5 Ng8 25. Qc3 Ne7 26. Nb3 Qxb6 27. Nc5 Qd8 28. Ne6
Qc8 29. Nxf8+ Kg8 30. Ne6 Qxe6 31. Rxb7 Ba7 32. d4 c5 33. Qxa5 Nc8 34. Qc7 Qg6
35. dxc5 Kh7 36. Rd1 d4 37. Rxd4 h5 38. Rd7 1-0

[Event "AUTO-MASTER-2275"]
[Site "http://www.queenalice.com/game.php?id=1351044"]
[Date "2015.3.31"]
[Round "1"]
[White "tiranossaurogalo"]
[Black "jacconsultoria"]
[Result "1-0"]
[WhiteElo "2194"]
[BlackElo "2264"]

1. d4 f5 2. c4 b6 3. Nf3 Nf6 4. e3 Bb7 5. Bd3 g6 6. O-O Bg7 7. Nc3 O-O 8. Qe2
Nc6 9. e4 fxe4 10. Nxe4 Nb4 11. Bb1 Nxe4 12. Bxe4 d5 13. Bb1 dxc4 14. Qxc4+ Qd5
15. Qxb4 Rxf3 16. gxf3 c5 17. dxc5 bxc5 18. Qe4 1-0

[Event "AUTO-MASTER-2275"]
[Site "http://www.queenalice.com/game.php?id=1351045"]
[Date "2015.3.31"]
[Round "1"]
[White "jacconsultoria"]
[Black "tiranossaurogalo"]
[Result "1/2-1/2"]
[WhiteElo "2327"]
[BlackElo "2201"]

1. c4 c5 2. Nf3 Nf6 3. Nc3 Nc6 4. g3 d5 5. cxd5 Nxd5 6. Bg2 Nc7 7. O-O e5 8. d3
Be7 9. Be3 Bd7 10. Rc1 Rc8 11. Qd2 O-O 12. Rfd1 f5 13. Bg5 Nd4 14. Bxe7 Qxe7 15.
Nxd4 exd4 16. Nd5 Nxd5 17. Bxd5+ Be6 18. Bxe6+ Qxe6 19. b3 f4 20. Rc2 Rf6 21.
Qe1 Qf5 22. e4 dxe3 23. fxe3 fxg3 24. hxg3 Qg5 25. d4 Rf3 26. Kg2 Rxe3 27. Re2
cxd4 28. Rxe3 dxe3 29. Qe2 Rf8 30. Qc4+ Kh8 31. Rf1 Rd8 32. Qb4 Qd5+ 33. Kg1 Rg8
34. Qe7 Qd2 35. Rf8 Qe1+ 36. Kg2 Qe2+ 37. Kg1 h5 38. Rxg8+ Kxg8 39. Qe8+ Kh7 40.
Qe4+ Kh6 41. Qf4+ Kg6 42. Qe4+ Kf6 43. Qd4+ Ke6 44. Qe4+ Kd6 45. Qd4+ Kc6 46.
Qe4+ Kb6 47. Qb4+ Qb5 48. Qd6+ Qc6 49. Qb4+ Kc7 50. Qe7+ Kb8 51. Qf8+ Qc8 52.
Qf4+ Qc7 53. Qf8+ 1/2-1/2

[Event "AUTO-OPEN-3461"]
[Site "http://www.queenalice.com/game.php?id=1351366"]
[Date "2015.4.2"]
[Round "1"]
[White "spkveidt"]
[Black "tiranossaurogalo"]
[Result "0-1"]
[WhiteElo "1535"]
[BlackElo "2173"]

1. e4 e5 2. Nf3 Nc6 3. Nc3 Bb4 4. Bc4 Nf6 5. O-O O-O 6. d4 exd4 7. Nxd4 Bxc3 8.
bxc3 Nxe4 9. Qd3 Nd6 10. Bf4 Nxc4 11. Qxc4 d5 12. Qd3 Ne7 13. Nb5 c6 14. Nd4 Re8
15. Qg3 Nf5 16. Nxf5 Bxf5 17. Rae1 Bxc2 18. a4 Bxa4 19. Bh6 Qf6 20. Bg5 Qg6 21.
Re5 f6 22. Bxf6 gxf6 23. Rh5 Qxg3 24. hxg3 Bc2 25. g4 a5 26. f4 a4 27. g5 Bd3
28. Rd1 Be2 29. Rc1 Bxh5 0-1

[Event "AUTO-OPEN-3461"]
[Site "http://www.queenalice.com/game.php?id=1351367"]
[Date "2015.4.2"]
[Round "1"]
[White "tiranossaurogalo"]
[Black "spkveidt"]
[Result "1-0"]
[WhiteElo "2170"]
[BlackElo "1461"]

1. d4 Nf6 2. c4 e6 3. Nc3 Bb4 4. Bg5 c5 5. d5 h6 6. Bh4 O-O 7. e3 d6 8. Bd3 b5
9. dxe6 Bxe6 10. Be4 Bg4 11. Qxg4 Nbd7 12. Qf5 g6 13. Qf3 Rb8 14. Bc6 Qa5 15.
Bxf6 Nxf6 16. Qxf6 bxc4 17. Ne2 Rb6 18. Bd5 Ba3 19. Qxg6+ Kh8 20. Qxh6+ 1-0

[Event "AUTO-OPEN-3461"]
[Site "http://www.queenalice.com/game.php?id=1351380"]
[Date "2015.4.2"]
[Round "1"]
[White "tiranossaurogalo"]
[Black "DORLISS"]
[Result "1-0"]
[WhiteElo "2171"]
[BlackElo "1501"]

1. d4 d6 2. Nf3 g6 3. c4 Bg7 4. Nc3 Nf6 5. e4 O-O 6. Be2 Nbd7 7. O-O e5 8. d5
Nh5 9. Ne1 Nf4 10. Nd3 Nxd3 11. Qxd3 Nc5 12. Qc2 f5 13. f3 1-0

[Event "AUTO-OPEN-3461"]
[Site "http://www.queenalice.com/game.php?id=1351381"]
[Date "2015.4.2"]
[Round "1"]
[White "DORLISS"]
[Black "tiranossaurogalo"]
[Result "0-1"]
[WhiteElo "1499"]
[BlackElo "2172"]

1. e4 e5 2. Nf3 Nc6 3. Bb5 a6 4. Ba4 Nf6 5. O-O Nxe4 6. Re1 Nc5 7. Bb3 d6 8. d4
Nxb3 9. axb3 f6 10. dxe5 fxe5 11. Nc3 Be7 12. Ng5 Nb4 0-1

[Event "AUTO-ELITE-1522"]
[Site "http://www.queenalice.com/game.php?id=1371030"]
[Date "2015.7.11"]
[Round "1"]
[White "ichtus"]
[Black "tiranossaurogalo"]
[Result "1/2-1/2"]
[WhiteElo "2340"]
[BlackElo "2210"]

1. d4 d5 2. Nf3 e6 3. Bg5 Be7 4. Bxe7 Qxe7 5. c3 Nf6 6. Nbd2 O-O 7. e3 Nbd7 8.
Bd3 e5 9. Nxe5 Nxe5 10. dxe5 Qxe5 11. Qc2 Qg5 12. Rg1 Qh5 13. h3 Re8 14. Be2 Qf5
15. Bd3 Qh5 16. Be2 1/2-1/2

[Event "AUTO-ELITE-1522"]
[Site "http://www.queenalice.com/game.php?id=1371031"]
[Date "2015.7.11"]
[Round "1"]
[White "tiranossaurogalo"]
[Black "ichtus"]
[Result "0-1"]
[WhiteElo "2176"]
[BlackElo "2336"]

1. d4 Nf6 2. c4 g6 3. Nc3 d5 4. cxd5 Nxd5 5. e4 Nxc3 6. bxc3 Bg7 7. Bb5+ Bd7 8.
Be2 c5 9. Nf3 O-O 10. O-O cxd4 11. cxd4 Nc6 12. Rb1 b6 13. d5 Na5 14. Bf4 Nb7
15. Ne5 Nc5 16. Nxd7 Nxd7 0-1

[Event "AUTO-ELITE-1522"]
[Site "http://www.queenalice.com/game.php?id=1371034"]
[Date "2015.7.11"]
[Round "1"]
[White "BEBADO"]
[Black "tiranossaurogalo"]
[Result "1-0"]
[WhiteElo "2309"]
[BlackElo "2214"]

1. e4 e5 2. Nf3 Nc6 3. d4 exd4 4. Nxd4 Bc5 5. Be3 Qf6 6. c3 Nge7 7. Bc4 Ne5 8.
Be2 Qg6 9. O-O d6 10. f4 Qxe4 11. Bf2 Bxd4 12. cxd4 N5g6 13. g3 O-O 14. Nc3 Qf5
15. d5 Bd7 16. Bd3 Qh3 17. Re1 1-0

[Event "AUTO-ELITE-1522"]
[Site "http://www.queenalice.com/game.php?id=1371035"]
[Date "2015.7.11"]
[Round "1"]
[White "tiranossaurogalo"]
[Black "BEBADO"]
[Result "0-1"]
[WhiteElo "2205"]
[BlackElo "2359"]

1. d4 Nf6 2. c4 c5 3. d5 b5 4. Nf3 Bb7 5. a4 Qa5+ 6. Bd2 b4 7. Qc2 d6 8. e4 Nbd7
9. Bd3 g6 10. O-O Bg7 11. Qc1 h6 12. h3 g5 13. Na3 Qc7 14. Nc2 Nh5 15. g3 O-O-O
16. a5 a6 0-1